|
|
|
|
| LEADER |
00000cas a2200000 a 4500 |
| 001 |
vtls001350805 |
| 003 |
SK-MaSNL |
| 005 |
20260228155751.0 |
| 008 |
180126d19962002xo au r 0 0 0slo |
| 015 |
|
|
|a SNBE2000/04-01841 (r. 1999)
|a SNBE2001/02-01370 (r. 2000)
|a SNBE2002/03-01007 (r. 2001)
|
| 035 |
|
|
|a SNK000304151
|
| 040 |
|
|
|a SNK
|b slo
|c SNK
|e AACR2
|
| 041 |
0 |
|
|a slo
|
| 044 |
|
|
|a xo
|c SK
|
| 072 |
|
7 |
|a 026/027
|x Knižnice
|2 konspekt
|
| 080 |
|
|
|a 026/027
|2 2011
|
| 080 |
|
|
|a 050
|2 2011
|
| 080 |
|
|
|a (058)
|2 2011
|
| 245 |
0 |
0 |
|a Plán činnosti Okresnej knižnice Ľudovíta Štúra vo Zvolene na rok ...
|
| 246 |
1 |
3 |
|a Plán činnosti Krajskej štátnej knižnice Ľudovíta Štúra vo Zvolene na rok ...
|f 1998-[2002]
|
| 260 |
|
|
|a Zvolen
|b Okresná knižnica Ľudovíta Štúra
|c [1996-2002]
|
| 260 |
3 |
|
|3 1998-[2002]
|a Zvolen
|b Krajská štátna knižnica
|
| 300 |
|
|
|a zv.
|c cm
|
| 310 |
|
|
|a 1x ročne
|
| 500 |
|
|
|a Súčasťou názvu je označenie roku
|
| 650 |
0 |
7 |
|a knižnice
|2 SNKPH
|9 17965
|
| 655 |
|
7 |
|a ročenky
|2 SNKPH
|9 57146
|
| 910 |
|
|
|a snk
|
| 999 |
|
|
|c 480
|d 480
|
| 952 |
|
|
|0 0
|1 0
|4 0
|7 0
|a SNK
|b SNK
|d 1997-07-07
|i snkKSP 7243/97
|l 0
|o snkČSB 4366/1997
|p 17A0078392
|r 2005-01-02 00:00:00
|w 2026-02-21
|y PREZ
|
| 952 |
|
|
|0 0
|1 0
|4 0
|7 0
|a SNK
|b SNK
|d 1997-07-07
|i snkKSP 7244/97
|l 0
|o snkČSB 4366/1997 D1
|p 17A0078391
|r 2005-01-02 00:00:00
|w 2026-02-21
|y PREZ
|
| 952 |
|
|
|0 0
|1 0
|4 0
|7 0
|a SNK
|b SNK
|d 2000-02-11
|i snkKSP 1934/2000
|l 0
|o snkČSB 4366/1999
|p 17A0228417
|r 2005-01-02 00:00:00
|w 2026-02-21
|y PREZ
|
| 952 |
|
|
|0 0
|1 0
|4 0
|7 0
|a SNK
|b SNK
|d 2000-02-11
|i snkKSP 1935/2000
|l 0
|o snkČSB 4366/1999 D1
|p 17A0228418
|r 2005-01-02 00:00:00
|w 2026-02-21
|y PREZ
|
| 952 |
|
|
|0 0
|1 0
|4 0
|7 0
|a SNK
|b SNK
|d 2004-04-21
|i snkPV 459/2004
|l 0
|o snkČSB 4366/2002
|p 17A0416305
|r 2005-01-02 00:00:00
|w 2026-02-21
|y PREZ
|
| 952 |
|
|
|0 0
|1 0
|4 0
|7 0
|a SNK
|b SNK
|d 2004-04-21
|i snkPV 460/2004
|l 0
|o snkČSB 4366/2002 D1
|p 17A0416306
|r 2005-01-02 00:00:00
|w 2026-02-21
|y PREZ
|
| 952 |
|
|
|0 0
|1 0
|4 0
|7 0
|a SNK
|b SNK
|d 2000-08-24
|i snkKSP 8640/2000
|l 0
|o snkČSB 4366/2000
|p 17A0249181
|r 2005-01-02 00:00:00
|w 2026-02-21
|y PREZ
|
| 952 |
|
|
|0 0
|1 0
|4 0
|7 0
|a SNK
|b SNK
|d 2000-08-24
|i snkKSP 8641/2000
|l 0
|o snkČSB 4366/2000 D1
|p 17A0249182
|r 2005-01-02 00:00:00
|w 2026-02-21
|y PREZ
|
| 952 |
|
|
|0 0
|1 0
|4 0
|7 0
|a SNK
|b SNK
|d 2002-02-08
|i snkKSP 1788/2002
|l 0
|o snkČSB 4366/2001
|p 17A0331705
|r 2005-01-02 00:00:00
|w 2026-02-21
|y PREZ
|
| 952 |
|
|
|0 0
|1 0
|4 0
|7 0
|a SNK
|b SNK
|d 2002-02-08
|i snkKSP 1789/2002
|l 0
|o snkČSB 4366/2001 D1
|p 17A0331706
|r 2005-01-02 00:00:00
|w 2026-02-21
|y PREZ
|
| 952 |
|
|
|0 0
|1 0
|4 0
|7 0
|a SNK
|b SNK
|d 1996-07-26
|i snkKSP 5895/96
|l 0
|o snkČSB 4366/1996
|p 17A0011335
|r 2005-01-01 00:00:00
|w 2026-02-21
|y PREZ
|
| 952 |
|
|
|0 0
|1 0
|4 0
|7 0
|a SNK
|b SNK
|d 1996-07-26
|i snkKSP 5896/96
|l 0
|o snkČSB 4366/1996 D1
|p 17A0006885
|r 2005-01-01 00:00:00
|w 2026-02-21
|y PREZ
|
| 952 |
|
|
|0 0
|1 0
|4 0
|7 0
|a SNK
|b SNK
|d 1998-12-14
|i snkKSP 11585/98
|l 0
|o snkČSB 4366/1998
|p 17A0231957
|r 2005-01-02 00:00:00
|w 2026-02-21
|y PREZ
|
| 952 |
|
|
|0 0
|1 0
|4 0
|7 0
|a SNK
|b SNK
|d 1998-12-14
|i snkKSP 11586/98
|l 0
|o snkČSB 4366/1998 D1
|p 17A0171858
|r 2005-01-02 00:00:00
|w 2026-02-21
|y PREZ
|